000
00237nam a2200097Ia 4500
008
220204s9999 xx 000 0 und d
082
_a
059
_b
WHI
245
0
_a
Whitaker's almanack. 1965
260
_a
London
_b
Bedforsquare
_c
1965
942
_c
BK
999
_c
20535
_d
20535